[Event "Alexandria op 22nd"]
[Site "Alexandria"]
[Date "2017.08.08"]
[Round "7"]
[White "Sayed Hassan, Mohamed"]
[Black "Hassan, Sayed Barakat"]
[Result "1/2-1/2"]
[WhiteElo "2204"]
[BlackElo "2329"]
[PlyCount "95"]
[EventDate "2017.08.02"]
[EventType "swiss"]
[EventRounds "10"]
[EventCountry "EGY"]
[SourceTitle "CBM 180 Extra"]
[Source "ChessBase"]
[SourceDate "2017.10.06"]
[SourceVersion "1"]
[SourceVersionDate "2017.10.06"]
[SourceQuality "1"]

1. d4 Nf6 2. c4 d6 3. Nc3 Bf5 4. g3 e5 5. d5 a5 6. Bg2 Be7 7. e4 Bg4 8. f3 Bd7 9. Be3 0-0 10. Nh3 c6 11. 0-0 cxd5 12. cxd5 b5 13. Nf2 Na6 14. Nd3 Qb8 15. Qd2 b4 16. Nd1 Bb5 17. N1f2 Nc5 18. Rfc1 Nfd7 19. f4 Nxd3 20. Nxd3 exf4 21. gxf4 Bf6 22. Rc6 Bxc6 23. dxc6 Nb6 24. Rc1 Qc7 25. Qf2 Rab8 26. e5 Be7 27. exd6 Bxd6 28. Ne5 Rfe8 29. Bd4 Red8 30. Rc2 Bf8 31. Be4 Nd5 32. Nd7 Nxf4 33. Qh4 Ng6 34. Bxg6 hxg6 35. Nxb8 Rxb8 36. Qe4 Bd6 37. b3 Rc8 38. Qg4 Rd8 39. Qe4 Rc8 40. Qg4 Rd8 41. Qe4 Kf8 42. Rf2 Kg8 43. Rc2 Rc8 44. Qg4 Rd8 45. Qe4 Bf8 46. Qe5 Rd6 47. Kg2 Qc8 48. Qe4 1/2-1/2

[Event "Alexandria op 22nd"]
[Site "Alexandria"]
[Date "2017.08.08"]
[Round "8"]
[White "Yasseen, Aly"]
[Black "Sayed Hassan, Mohamed"]
[Result "1/2-1/2"]
[WhiteElo "2305"]
[BlackElo "2204"]
[PlyCount "86"]
[EventDate "2017.08.02"]
[EventType "swiss"]
[EventRounds "10"]
[EventCountry "EGY"]
[SourceTitle "CBM 180 Extra"]
[Source "ChessBase"]
[SourceDate "2017.10.06"]
[SourceVersion "1"]
[SourceVersionDate "2017.10.06"]
[SourceQuality "1"]

1. e4 c5 2. Nf3 e6 3. d4 cxd4 4. Nxd4 a6 5. Nc3 Qc7 6. Bd3 Nc6 7. Be3 Nf6 8. 0-0 Nxd4 9. Bxd4 Bc5 10. Bxc5 Qxc5 11. Kh1 d6 12. f4 Bd7 13. Qe2 e5 14. Nd5 Nxd5 15. exd5 0-0 16. fxe5 Qxd5 17. exd6 Qxd6 18. Rad1 Qc7 19. Qe7 Rac8 20. Qxd7 Qxd7 21. Bxh7+ Kxh7 22. Rxd7 Rxc2 23. Rxb7 Rd8 24. Rbxf7 Rdd2 25. Rg1 Rxb2 26. a3 Rd3 27. Rf4 Rxa3 28. Rg4 a5 29. h3 Rb4 30. Rg5 Kh6 31. Rc5 Ra2 32. Rc3 a4 33. Rd1 Rb3 34. Rd6+ g6 35. Rxb3 axb3 36. Rb6 b2 37. Kh2 Kg5 38. Kg3 Kf5 39. Kf3 Ke5 40. Ke3 Kd5 41. Kd3 Ra3+ 42. Ke2 Ra2 43. Kd3 Ke5 1/2-1/2

[Event "Alexandria op 22nd"]
[Site "Alexandria"]
[Date "2017.08.06"]
[Round "6"]
[White "Abdel Aziz, Mohamed"]
[Black "Sayed Hassan, Mohamed"]
[Result "0-1"]
[WhiteElo "1654"]
[BlackElo "2204"]
[PlyCount "50"]
[EventDate "2017.08.02"]
[EventType "swiss"]
[EventRounds "10"]
[EventCountry "EGY"]
[SourceTitle "CBM 180 Extra"]
[Source "ChessBase"]
[SourceDate "2017.10.06"]
[SourceVersion "1"]
[SourceVersionDate "2017.10.06"]
[SourceQuality "1"]

1. b4 d5 2. Bb2 Bf5 3. e3 e6 4. Nf3 Nf6 5. c4 Nbd7 6. Qb3 dxc4 7. Bxc4 Nb6 8. Be2 Be7 9. 0-0 0-0 10. Nc3 Bd3 11. Bxd3 Qxd3 12. Na4 Qxb3 13. axb3 Bxb4 14. Bxf6 gxf6 15. Rfc1 Nxa4 16. Rxa4 Bd6 17. d4 a5 18. Nd2 f5 19. Rca1 Bb4 20. R4a2 Rfc8 21. Nc4 Kf8 22. Ne5 Ra6 23. Ra4 Ke7 24. Nd3 Rca8 25. Nxb4 axb4 0-1